Diversification booklet. (Record no. 20890)

000 -LEADER
fixed length control field 00632cas a2200205 i 4500
020 ## - INTERNATIONAL STANDARD BOOK NUMBER
ISBN 9789251070703
022 ## - INTERNATIONAL STANDARD SERIAL NUMBER
ISSN 1810-0775
040 ## - CATALOGING SOURCE
Transcribing agency COD
082 ## - DEWEY DECIMAL CLASSIFICATION NUMBER
Classification number 333 HEA 2012 A035 Or.
245 00 - TITLE STATEMENT
Title Diversification booklet.
246 1# - VARYING FORM OF TITLE
Title proper/short title FAO diversification booklet
246 1# - VARYING FORM OF TITLE
Title proper/short title Food and Agriculture Organization diversification booklet
300 ## - PHYSICAL DESCRIPTION
Number of Pages volumes :
Other physical details illustrations ;
Dimensions 21 cm
500 ## - GENERAL NOTE
General note Each issue also has a distinctive title.
650 #0 - SUBJECT ADDED ENTRY--TOPICAL TERM
Topical Term Agricultural diversification
650 #0 - SUBJECT ADDED ENTRY--TOPICAL TERM
Topical Term Farms, Small
650 #0 - SUBJECT ADDED ENTRY--TOPICAL TERM
Topical Term Agriculture
710 2# - ADDED ENTRY--CORPORATE NAME
Corporate name or jurisdiction name as entry element Food and Agriculture Organization of the United Nations.
942 ## - ADDED ENTRY ELEMENTS (KOHA)
Koha item type ADB
952 ## - LOCATION AND ITEM INFORMATION (KOHA)
Withdrawn status [LOCAL, KOHA] 0
Holdings
Permanent Location Date acquired Koha item type Lost status Shelving location Barcode Current Location Full call number
Library Block A2023-01-11ADB A035a071273Library Block A333 HEA 2012 A035 Or.
មជ្ឈមណ្ឌលឯការនៃសាកលវិទ្យាល័យភូមិន្ទកសិកម្មចំការដូង

Powered by Koha